[Event "ROM-chT div-A"]
[Site "Mamaia"]
[Date "2019.09.28"]
[Round "8.5"]
[White "Berechet, Stefan Mario"]
[Black "Dragoi, Tudor"]
[Result "1-0"]
[WhiteElo "1829"]
[BlackElo "1695"]
[PlyCount "77"]
[EventDate "2019.09.21"]
[EventType "team-tourn"]
[EventRounds "9"]
[EventCountry "ROU"]
[SourceTitle "EXT 2020"]
[Source "ChessBase"]
[SourceDate "2019.10.17"]
[SourceVersion "1"]
[SourceVersionDate "2019.10.17"]
[SourceQuality "1"]
[WhiteTeam "Buzau Gloria"]
[BlackTeam "Ineu"]
[WhiteTeamCountry "ROU"]
[BlackTeamCountry "ROU"]

1. c4 g6 2. Nc3 Bg7 3. g3 d6 4. Bg2 e5 5. d3 a5 6. Bd2 c6 7. Nf3 Na6 8. Rb1 Qc7 9. a3 Nf6 10. b4 axb4 11. axb4 0-0 12. 0-0 Nh5 13. Na4 Bd7 14. b5 cxb5 15. cxb5 Nc5 16. Nxc5 dxc5 17. Ng5 h6 18. b6 Qd8 19. Ne4 Qe7 20. Be3 Rfc8 21. Rc1 c4 22. dxc4 Bf8 23. Bc5 Qe6 24. Bxf8 Rxf8 25. Nc5 Qe7 26. Nxb7 Ba4 27. Qd6 Qg5 28. c5 Bb5 29. c6 Bxe2 30. Rfe1 Rfe8 31. Nc5 Rad8 32. Nd7 Bg4 33. b7 Bxd7 34. cxd7 Re6 35. b8Q Rxd6 36. Qxd6 Ng7 37. Rc8 Ne6 38. Rxd8+ Qxd8 39. Rxe5 1-0

[Event "ROM-chT div-A"]
[Site "Mamaia"]
[Date "2019.09.27"]
[Round "7.1"]
[White "Padurariu, Mihai Edward"]
[Black "Dragoi, Tudor"]
[Result "1-0"]
[WhiteElo "2066"]
[BlackElo "1695"]
[PlyCount "50"]
[EventDate "2019.09.21"]
[EventType "team-tourn"]
[EventRounds "9"]
[EventCountry "ROU"]
[SourceTitle "EXT 2020"]
[Source "ChessBase"]
[SourceDate "2019.10.17"]
[SourceVersion "1"]
[SourceVersionDate "2019.10.17"]
[SourceQuality "1"]
[WhiteTeam "Targoviste University"]
[BlackTeam "Ineu"]
[WhiteTeamCountry "ROU"]
[BlackTeamCountry "ROU"]

1. e4 d6 2. d4 Nf6 3. Nc3 g6 4. f4 Bg7 5. Bd3 Bg4 6. Nf3 c5 7. dxc5 dxc5 8. e5 Nfd7 9. h3 Bxf3 10. Qxf3 Nc6 11. 0-0 0-0 12. Be3 Rc8 13. Rae1 e6 14. Nb5 a6 15. Nc3 Qc7 16. Ne4 b5 17. c4 Rb8 18. Qf2 Nd4 19. cxb5 axb5 20. Rc1 Qb6 21. b4 Nc6 22. Nxc5 Qc7 23. Be4 Nxb4 24. Rfd1 Nd5 25. Bxd5 Nxc5 1-0

[Event "Arad op 9th"]
[Site "Arad"]
[Date "2016.08.07"]
[Round "3"]
[White "Dragoi, Tudor"]
[Black "Ardeleanu, Alin"]
[Result "0-1"]
[WhiteElo "1742"]
[BlackElo "2328"]
[PlyCount "76"]
[EventDate "2016.08.06"]
[EventType "swiss"]
[EventRounds "9"]
[EventCountry "ROU"]
[SourceTitle "CBM 173 Extra"]
[Source "ChessBase"]
[SourceDate "2016.08.29"]
[SourceVersion "1"]
[SourceVersionDate "2016.08.29"]
[SourceQuality "1"]

1. d4 Nf6 2. c4 g6 3. Nc3 Bg7 4. e4 d6 5. f3 0-0 6. Be3 Nbd7 7. Qd2 c5 8. d5 Re8 9. Bh6 Bh8 10. h4 a6 11. h5 Ne5 12. f4 Neg4 13. hxg6 Nxh6 14. Rxh6 fxg6 15. Be2 Bg7 16. Rh1 e5 17. fxe5 Rxe5 18. Qf4 g5 19. Qh2 g4 20. Qf4 Qe7 21. 0-0-0 Bd7 22. Bd3 b5 23. cxb5 axb5 24. Nxb5 Bxb5 25. Bxb5 Rxe4 26. Qf5 Rxa2 27. Qc8+ Kf7 28. Kb1 Ra7 29. Ne2 Qb7 30. Qxb7+ Rxb7 31. Nc3 Rb4 32. Rdf1 R7xb5 33. Nxb5 Rxb5 34. Rxh7 Kg6 35. Rh4 Kg5 36. g3 Nxd5 37. Rh2 Be5 38. Rd2 Nf6 0-1

[Event "ROM-chT Div-A"]
[Site "Slanic Moldova"]
[Date "2011.10.08"]
[Round "8"]
[White "Dobre, Florin Iulian"]
[Black "Dragoi, Tudor"]
[Result "1-0"]
[WhiteElo "1974"]
[BlackElo "1752"]
[PlyCount "61"]
[EventDate "2011.10.03"]
[EventType "team-tourn"]
[EventRounds "9"]
[EventCountry "ROU"]
[SourceTitle "CBM 144 Extra"]
[Source "ChessBase"]
[SourceDate "2011.10.28"]
[SourceVersion "1"]
[SourceVersionDate "2011.10.28"]
[SourceQuality "1"]

1. e4 d6 2. d4 Nf6 3. Nc3 g6 4. h3 Bg7 5. Be3 0-0 6. Nf3 Nbd7 7. Qd2 e5 8. 0-0-0 exd4 9. Nxd4 Nc5 10. f3 Nh5 11. Nde2 b6 12. g4 Nf6 13. Bh6 Bb7 14. h4 Ncd7 15. h5 Ne5 16. Bxg7 Kxg7 17. hxg6 fxg6 18. Qh6+ Kf7 19. g5 Nh5 20. Rxh5 gxh5 21. Qxh7+ Ke8 22. Qxh5+ Nf7 23. f4 Rh8 24. Qg6 Qe7 25. Nd4 Kd8 26. Ba6 c6 27. Nf5 Qc7 28. Bxb7 Qxb7 29. Nxd6 Nxd6 30. Rxd6+ Kc8 31. Rxc6+ 1-0

[Event "ROM-chT Div-A"]
[Site "Slanic Moldova"]
[Date "2011.10.07"]
[Round "7"]
[White "Dragoi, Tudor"]
[Black "Prundeanu, Horia"]
[Result "0-1"]
[WhiteElo "1752"]
[BlackElo "2152"]
[PlyCount "70"]
[EventDate "2011.10.03"]
[EventType "team-tourn"]
[EventRounds "9"]
[EventCountry "ROU"]
[SourceTitle "CBM 144 Extra"]
[Source "ChessBase"]
[SourceDate "2011.10.28"]
[SourceVersion "1"]
[SourceVersionDate "2011.10.28"]
[SourceQuality "1"]

1. d4 d5 2. c4 c6 3. Nc3 Nf6 4. Nf3 a6 5. c5 Nbd7 6. g3 b6 7. cxb6 Qxb6 8. Bg2 e6 9. Qc2 Bb7 10. 0-0 Be7 11. Re1 0-0 12. Na4 Qa7 13. Bg5 h6 14. Be3 Ng4 15. Bd2 f5 16. h3 Ngf6 17. Be3 Ne4 18. Qc1 Kh7 19. g4 g5 20. gxf5 exf5 21. Qc2 Kg7 22. Nc3 Ndf6 23. Ne5 c5 24. Bxe4 dxe4 25. d5 Qb8 26. Nc6 Bxc6 27. dxc6 f4 28. Bc1 Qe5 29. Qb3 Bd6 30. Rd1 f3 31. Rxd6 Qxd6 32. Qb7+ Kh8 33. h4 Ng4 34. Kf1 Qh2 35. Ke1 Rad8 0-1

[Event "ROM-chT Div-A"]
[Site "Slanic Moldova"]
[Date "2011.10.06"]
[Round "6"]
[White "Zubac, Mihai Paul"]
[Black "Dragoi, Tudor"]
[Result "0-1"]
[WhiteElo "1992"]
[BlackElo "1752"]
[PlyCount "66"]
[EventDate "2011.10.03"]
[EventType "team-tourn"]
[EventRounds "9"]
[EventCountry "ROU"]
[SourceTitle "CBM 144 Extra"]
[Source "ChessBase"]
[SourceDate "2011.10.28"]
[SourceVersion "1"]
[SourceVersionDate "2011.10.28"]
[SourceQuality "1"]

1. e4 d6 2. d4 Nf6 3. Nc3 g6 4. f4 Bg7 5. e5 dxe5 6. fxe5 Nd5 7. Ne4 0-0 8. c4 Nb4 9. Be3 Bf5 10. a3 Nd5 11. Qf3 Nxe3 12. Qxe3 f6 13. Nf3 Nc6 14. 0-0-0 Qc8 15. Nc5 b6 16. Nd3 Na5 17. Nf2 c5 18. Nd2 cxd4 19. Qxd4 fxe5 20. Qe3 Rd8 21. b3 Qc7 22. Be2 e4 23. Kc2 Qe5 24. Rb1 Bh6 25. Qxh6 e3+ 26. Nd3 Qd4 27. Ne4 Bxe4 28. Rhd1 Rac8 29. Qh3 Bf5 30. Qf3 Nxc4 31. bxc4 Rxc4+ 32. Kb3 Rc3+ 33. Ka2 Be6+ 0-1

[Event "ROM-chT Div-A"]
[Site "Slanic Moldova"]
[Date "2011.10.03"]
[Round "1"]
[White "Nuta, Dan"]
[Black "Dragoi, Tudor"]
[Result "1-0"]
[WhiteElo "2079"]
[BlackElo "1752"]
[PlyCount "39"]
[EventDate "2011.10.03"]
[EventType "team-tourn"]
[EventRounds "9"]
[EventCountry "ROU"]
[SourceTitle "CBM 144 Extra"]
[Source "ChessBase"]
[SourceDate "2011.10.28"]
[SourceVersion "1"]
[SourceVersionDate "2011.10.28"]
[SourceQuality "1"]

1. e4 Nf6 2. e5 Nd5 3. d4 d6 4. Nf3 Bg4 5. c4 Nb6 6. Be2 dxe5 7. Nxe5 Bxe2 8. Qxe2 Qxd4 9. 0-0 Nc6 10. Nxc6 bxc6 11. Na3 0-0-0 12. Be3 Qd3 13. Qf3 Qg6 14. Rfd1 Rxd1+ 15. Rxd1 e5 16. c5 Nd5 17. Qe2 Be7 18. Qa6+ Kd7 19. Nc4 Qe4 20. Qa4 1-0